000 01409nam a22003617a 4500
001 0000385
003 DO-SdBNP
005 20171128141325.0
007 0000385
008 150817s 2012 ac spa d
020 _a9789945120684
040 _aBPMSU
_bspa
_cBPMSU
082 _a373.832
_bS594c 2do. 2012
100 1 _aSimón Consuegra, José Miguel
245 1 0 _aCívica 3 ; formación en valores y civismo :
_bnivel medio /
_cJosé Miguel Simón Consuegra, Margarita Hernández Tejada ; ilustración Julio Cesar Martínez
260 _aSanto Domingo :
_bSecretaria de Estado de Educación,
_bSusaeta,
_c2012.
300 _a168 p :
_bil. retrs.
_c28 cm.
500 _aProhibida su venta. Propiedad de la Secretaría de Estado de Educación.
500 _aFormación en valores y civismo.
504 _aBibliografía p: 167-168
650 4 _aEDUCACIÓN CÍVICA
_xENSEÑANZA SECUNDARIA
650 4 _aEDUCACIÓN SECUNDARIA
_zREPÚBLICA DOMINICANA
650 4 _aEDUCACIÓN ÍVICA
_xLIBROS DE TEXTOS
650 4 _aCÍVICA
_xESTUDIOS Y EJERCICIOS
650 4 _aEDUCACIÓN CÍVICA
_xEDUCACIÓN SECUNDARIA
700 1 _aHernández Tejada, Margarita
700 1 _aMartínez, Julio César
_eil.
700 1 _aSandoval, Ramón
_eil.
910 _aValidado. Control de calidad MFF
942 _2ddc
_cBK
945 _aInventariado extranjero / 2017 YL
956 _aYLOCKWARD
_b10
_c20171128
_d00144
999 _c13176
_d13176